Normal view
MARC view
Entry Personal Name
001 - CONTROL NUMBER
- control field: 89229
003 - CONTROL NUMBER IDENTIFIER
- control field: dpl
005 - DATE AND TIME OF LATEST TRANSACTION
- control field: 20260529113454.0
008 - FIXED-LENGTH DATA ELEMENTS
- fixed length control field: 260529|| aca||aabn | a|a d
040 ## - CATALOGING SOURCE
- Original cataloging agency: dpl
- Transcribing agency: dpl
100 ## - HEADING--PERSONAL NAME
- Personal name: Indranil Acharya
670 ## - SOURCE DATA FOUND
- Source citation: Work cat.: (dpl)216392: Gharai, Anil 89228, The Almond Flowers and Other Stories/, 2022
